|
|
|
|
| LEADER |
00000nam a2200000 a 4500 |
| 001 |
vtls010595721 |
| 003 |
SK-MaSNL |
| 005 |
20260301050505.0 |
| 008 |
250312s1969 xo 000 0 slo |
| 015 |
|
|
|a SNBA1969
|
| 035 |
|
|
|a C7F5F869-626F-4731-9315-3AB206D07D35
|
| 035 |
|
|
|a urn:nbn:sk:snk-am3h5ko
|
| 035 |
|
|
|a urn:nbn:sk:snk-am007ynd
|
| 040 |
|
|
|a SNK
|b slo
|c SNK
|e AACR2
|
| 041 |
1 |
|
|a slo
|h pol
|
| 044 |
|
|
|a xo
|c SK
|
| 100 |
1 |
|
|a Mikulovski-Pomorski, Jerzy
|4 aut
|9 356201
|
| 245 |
1 |
0 |
|a Generácia ako sociologický pojem
|b študijný materiál na pomoc lektorom
|c Jerzy Mikulovski-Pomorski ; prel. Jozef Gerbóc
|
| 260 |
|
|
|a Bratislava
|b Socialistická akadémia Slovenska a Sociologický ústav SAV
|c 1969
|
| 300 |
|
|
|a [1], 23, [1] s.
|c 4°
|
| 490 |
1 |
|
|a Študijné materiály. Prednáškové texty. Sociológia
|
| 650 |
0 |
7 |
|a sociológia
|2 SNKPH
|9 1010
|
| 655 |
|
7 |
|a štúdie
|2 SNKPH
|9 57033
|
| 700 |
1 |
|
|a Gerbóc, Jozef,
|d 1942-2000
|4 aut
|9 13284
|
| 830 |
|
0 |
|a Študijné materiály. Prednáškové texty. Sociológia
|9 356202
|
| 852 |
|
|
|a Slovenská národná knižnica
|
| 958 |
|
|
|a OND
|
| 958 |
|
|
|a SK
|
| 999 |
|
|
|c 601039
|d 602969
|
| 952 |
|
|
|a SNK
|b SNK
|y PREZ
|7 0
|p 17A0983533
|o snkSB 33859
|i snkF 2063/82
|8 5
|0 0
|1 0
|4 0
|d 2014-05-12
|f 1
|l 0
|r 2025-04-09 00:00:00
|w 2026-02-23
|